00584nam a2200145Ia 4500008004100000020005500041040000800096082001700104100002700121245007800148264007600226942001300302952010600315999001700421231129s9999||||xx |||||||||||||| ||spa|| a84-7232-329-3  bspa a946.05 M298e aMaravall Jose Antonio 0aEstudios de historia del pensamiento Español: La Epoca del Renacimiento aEdiciones Cultura Hispanica del Instituto de Cooperacion Iberoamericana 2ddccBKS 00102ddc4070aBRCbBRCd2009-07-09l0o946.05 M298ep26623r2023-11-29 21:13:28t1w2023-11-29yBK c13663d13663